Statystyki dla Województwa Polski z lat 1975-1998 (z Mapą)

Kliknij tutaj aby rozwiązać quiz!

Ogólne statystyki

  • Ten quiz został rozwiązany 14 537 razy
  • Średni wynik to 32 z 49

Odpowiedzi na mapie

Odpowiedzi skodowane kolorowo w zielono-czerwonej skali na mapie do tego quizu, zgodnie z poniższymi procentami.
 

Statystyki odpowiedzi

Województwa% Poprawnych
Gdańskie
96%
Warszawskie
95%
Szczecińskie
94%
Krakowskie
91%
Łódzkie
90%
Wrocławskie
90%
Poznańskie
89%
Opolskie
88%
Białostockie
86%
Katowickie
86%
Toruńskie
86%
Bydgoskie
85%
Olsztyńskie
85%
Rzeszowskie
84%
Zielonogórskie
84%
Kieleckie
80%
Lubelskie
80%
Gorzowskie
79%
Suwalskie
79%
Koszalińskie
78%
Radomskie
75%
Częstochowskie
73%
Elbląskie
69%
Płockie
65%
Słupskie
65%
Tarnowskie
61%
Legnickie
60%
Wałbrzyskie
60%
Pilskie
57%
Jeleniogórskie
56%
Kaliskie
56%
Bielskie
55%
Zamojskie
55%
Konińskie
53%
Przemyskie
53%
Włocławskie
53%
Nowosądeckie
51%
Chełmskie
50%
Piotrkowskie
50%
Siedleckie
49%
Ostrołęckie
44%
Tarnobrzeskie
44%
Krośnieńskie
41%
Łomżyńskie
41%
Skierniewickie
41%
Sieradzkie
39%
Ciechanowskie
38%
Leszczyńskie
34%
Bialskopodlaskie
30%

Rozkład punktacji

Percentyl według liczby udzielonych odpowiedzi

Procent ludzi z każdym wynikiem

Twoja historia wyników

Nie rozwiązałeś tego quizu